|
|
|
|
| LEADER |
00000naa2a2200000 4500 |
| 001 |
133236 |
| 005 |
20231229102132.0 |
| 035 |
|
|
|a (RuTPU)RU\TPU\book\144369
|
| 090 |
|
|
|a 133236
|
| 100 |
|
|
|a 20080314d2007 k y0rusy50 ca
|
| 101 |
0 |
|
|a rus
|
| 102 |
|
|
|a RU
|
| 200 |
1 |
|
|a Финансовый механизм реализации стратегии в вузе
|f А. Б. Жданова
|g науч. рук. И. Е. Никулина
|
| 320 |
|
|
|a Библиогр.: 5 назв.
|
| 461 |
|
0 |
|0 (RuTPU)RU\TPU\book\169966
|t Энергия молодых - экономике России
|o труды VIII Международной научно-практической конференции студентов и молодых ученых, г. Томск, 19-22 марта 2007 г.
|f Томский политехнический университет (ТПУ) ; Вольное экономическое общество России (ВЭО России) ; Международный союз экономистов (МСЭ)
|d 2007
|
| 463 |
|
0 |
|0 (RuTPU)RU\TPU\book\136477
|t [Ч. 1]
|v С. 469-471
|d 2007
|
| 610 |
1 |
|
|a вузы
|
| 610 |
1 |
|
|a стратегия
|
| 610 |
1 |
|
|a финансы
|
| 610 |
1 |
|
|a образовательные услуги
|
| 610 |
1 |
|
|a услуги
|
| 610 |
1 |
|
|a рынок
|
| 610 |
1 |
|
|a труды учёных ТПУ
|
| 700 |
|
1 |
|a Жданова
|b А. Б.
|c экономист
|c доцент Томского политехнического университета, кандидат экономических наук
|f 1971-
|g Анна Борисовна
|3 (RuTPU)RU\TPU\pers\27971
|9 12961
|
| 702 |
|
1 |
|a Никулина
|b И. Е.
|c экономист
|c профессор Томского политехнического университета, доктор экономических наук
|f 1958-
|g Ирина Евгеньевна
|4 727
|
| 801 |
|
1 |
|a RU
|b 63413507
|c 20080314
|g PSBO
|
| 801 |
|
2 |
|a RU
|b 63413507
|c 20161007
|g RCR
|
| 942 |
|
|
|c BK
|